000 00682nam a2200229 a 4500
001 BRCA_5829
005 20190320205230.0
008 110311s1942----nyua######---#000-0#eng-#
041 _aeng
044 _anyu
050 4 _aNK1125
_b.M66 1942
100 1 _aMoore, N. Hudson
_d1857-1927
_914764
245 1 0 _aThe collector’s manual
_cby N. Hudson Moore.
260 _aNueva York
_bTudor
_c1942
300 _axvi, 329 p.
_bil., 336 láminas
_c22 cm.
500 _aIncluye índice alfabético e índice de ilustraciones
500 _aG39
650 1 4 _aArte
_xColeccionistas y colecciones
_97445
650 1 4 _aColeccionistas y colecciones
_914765
902 _aGFM
942 _2lcc
_cB
999 _c5518
_d5518